00000000nam##2200000za#4500
0019.572267
003CaOODSP
00520210624183132
007cr |||||||||||
008150406|1999||||xxc|||||o    f|0| 0 eng|d
040 |aCaOODSP|beng
043 |an-cn---
0861 |aNH18-22/99-108E-PDF
1102 |aCanada Mortgage and Housing Corporation.
24514|aThe effects of improved residential filtration on particle exposure |h[electronic resource]
260 |aOttawa - Ontario : |bCanada Mortgage and Housing Corporation |c[1999].
300 |a2p.
4901 |aResearch highlight. Technical series |v99-108
590 |a11-29-Supp|b2011-11-25
69007|aAir quality|2gcpds
69007|aHousing|2gcpds
77508|tAmélioration des filtres dans les habitations : |w(CaOODSP)9.602650
7760#|tThe effects of improved residential filtration on particle exposure |w(CaOODSP)9.615544
830#0|aResearch highlight. Technical series ;|v99-108|w(CaOODSP)9.504482
85640|ahttp://publications.gc.ca|qPDF|s81 KB|uhttps://publications.gc.ca/collections/Collection/NH18-22-99-108E.pdf|y99-108